00410 a2200145 4500010001400000020002300014035001300037037001500050082001100065100001800076245004600094260004200140270005800182300002400240 aENG-89616 a8128811819c150.00 aEN-73149 bDBAD / PUB14a181.411 aPaliwal, B.B.1 aMessage of the darshans/cby B.B. Paliwal aNew DelhibDiamond Pocket Booksc2007 aX-30, Okhla Indl. Area, Phase-II,bNew Delhie110 020 a124p.c22 cm (pbk)